000
00351nam a2200157Ia 4500
003
0STCL
008
150530s9999 xx 000 0 und d
040
_a
STCL
_c
STCL
100
_a
Staples; Ed
245
_a
American cinema
260
_b
Voice of America
_c
1973
546
_a
English
942
_2
ddc
_c
BK
999
_c
68587
_d
68587
005
20220125171403.0